Naturaleza, historia, Dios

Shranjeno v:
Bibliografske podrobnosti
Glavni avtor: Zubiri, Xavier (Author)
Format: Knjiga
Jezik:španščina
Izdano: Madrid Alianza 1987
Izdaja:9a. ed
Teme:
Oznake: Označite
Brez oznak, prvi označite!

MARC

LEADER 00000cam a2200000 a 4500
001 UCW5503
003 CL-VaPUC
008 910506e19870000SP |||||||||||||||||spa|d
020 |a 8420690376 
082 0 4 |a 128  |b ZUB  |2 21 
100 0 |a Zubiri, Xavier  |e author  |9 216 
245 1 0 |a Naturaleza, historia, Dios 
250 |a 9a. ed 
300 |a 563 p 
942 |c BK 
945 |d 19910506 00:00:00  |a aalvarez 
260 |a Madrid  |b Alianza  |c 1987 
650 0 |a Filosofía de la religión   |9 256017 
583 |a last modification  |c 20170530 05:19:47  |k Rodrigo Vera 
999 |c 218919  |d 218917 
952 |0 0  |1 0  |4 0  |6 128_000000000000000_ZUB_1987  |7 0  |8 A  |9 209242  |a BIBEDU  |b BIBEDU  |d 2019-11-15  |i 277058K  |o 128 ZUB 1987  |p 277058K  |r 2019-11-15  |w 2019-11-15  |y BK  |k EDU 
952 |0 0  |1 0  |4 0  |6 128_000000000000000_ZUB_1987  |7 0  |8 A  |9 209243  |a BIBTEO  |b BIBTEO  |d 2019-11-15  |i 2770598  |o 128 ZUB 1987  |p 2770598  |r 2025-01-17  |w 2019-11-15  |y BK  |k ICR 
952 |0 0  |1 0  |3 erb  |4 0  |6 128_000000000000000_ZUB_1987  |7 0  |8 A  |9 209245  |a FDOHBE  |b FDOHBE  |e Huesbe Llanos, Marco Antonio, 1934-  |i 5309751  |o 128 ZUB 1987  |p 5309751  |r 2024-01-30  |w 2019-11-15  |y BK  |z Catalogado en:20160623  |k HBE